| 000 | 00944cam a22002054a 4500 | ||
|---|---|---|---|
| 005 | 20250605164018.0 | ||
| 008 | 250528s ||||||||||||||||||||||||d | ||
| 035 | _a16221 | ||
| 020 | _a316931217 | ||
| 040 |
_aGR-AtMCL _bgre _dGR-AtMCL _eAACR2 |
||
| 245 | 1 | _aThe Floor of the Sea / Maurice Ewing and the Search to Understand the Earth | |
| 260 | _c1974 | ||
| 300 | _a278 | ||
| 520 | _aForeword, The Floor of the Sea, The Chief Scientist Dreamed of Cervantes, Lifeless Depths and Living Fossils and Lost Continents, A Scene the Most Rugged and Grant and Imposing, Torrey Cliff, That Man is Taking Too Many Cores, I Wasn't Lonely a Bit, Rift and Ridge, Diluvialists and Other Fauna, To Gondwanaland, Eltanin-19, Global Tectonics, Bibliography and Works Consulted, Picture Credits, Index. | ||
| 700 | 1 |
_aWertenbaker William _92301 |
|
| 942 | _cBK | ||
| 710 | 2 |
_aLittle, Brown and Company _99712 |
|
| 999 |
_c1749 _d1749 |
||